000 00425pab a2200145 454500
008 180718b1983 xxu||||| |||| 00| 0 eng d
100 _aFry, Geoffrey K.
245 _aCompromise with the market
_bThe Megaw report on civil service pay 1982 : notes and surveys
260 _c1983
300 _a90-6
362 _aSpring
650 _aPersonnel, Public - Pay Plans - U.K.
773 _aPublic Administration
909 _a15006
999 _c15006
_d15006